[Event "National Tournament of State Senior Cha"]
[Site "Chess.com"]
[Date "2020.07.26"]
[Round "2"]
[White "Carter, David"]
[Black "Kuhner, Mary"]
[Result "0-1"]
[WhiteElo "2269"]
[BlackElo "1878"]
[Annotator "Mary Kuhner"]
[PlyCount "96"]
[EventDate "2020.??.??"]
[SourceVersionDate "2020.06.27"]
[TimeControl "5400+10"]
[WhiteClock "0:01:14"]
[BlackClock "0:05:36"]

1. d4 e6 2. e4 d5 3. Nc3 Bb4 4. e5 c5 5. a3 Bxc3+ 6. bxc3 Ne7 7. Qg4 Qc7 8. Bd3
{This twist on the usual Poisoned Pawn Winawer is popular in Oregon,
apparently due to a book by Negi that I have not read. Compared to the regular
Poisoned Pawn, White's bishop is more active on d3 than f1, but the g-pawn
tends to hang and a rook on g2 can be dangerous for White ( or for Black, who
can easily lose it ) . Some years ago I managed to win a dramatic sacrificial
game in this line, so I was happy to see it again.} cxd4 {[%emt 0:02:56]} 9.
Ne2 dxc3 10. Qxg7 Rg8 11. Qxh7 Nbc6 12. f4 ({I felt that} 12. Bf4 {was
stronger, not opening the diagonal g1-a7 against White's king.}) 12... Rxg2 {
[%emt 0:12:22] Stockfish thinks I ought to play ...Bd7 and castle as quickly
as possible, only then thinking about the attack.} 13. Be3 {Here and on many
subsequent moves, Rg1 to exchange the aggressive rook can be recommended. I
think that White may have felt entitled to trap the rook, even though it can't
be done at the moment, and therefore didn't want to trade it off; but this
will end up being an expensive preoccupation.} ({The immediate} 13. Ng3 {
does not trap the rook due to} Qb6) 13... Nf5 $6 {Having my king stuck in the
center is only normal for this opening, but after the subsequent exchanges I
will have a very tough time developing my queenside pieces. I was worried
about the dark squares if I tried ...Bd7 and ...0-0-0, but this is no cure.}
14. Bxf5 exf5 15. Qh8+ Kd7 {[%emt 0:15:26]} 16. Rd1 {I did not think this was
a sufficiently forcing move: I have only one response but it elegantly covers
several weak squares, and also opens lines for my queen. It's an interesting
detail of this opening that White can basically never castle long because the
a-pawn can't be held after ...Qa5, but Stockfish thinks that there are several
queen moves with more real threat value than this.} Ne7 17. Qf6 Ke8 $6 {
[%emt 0:07:20]} (17... b6 {is the engine recommendation, with hair-raising
complications}) 18. Qd6 {It's evident that neither player can really figure
out this position, which is very typical of the opening. I was delighted to
see this move, as I don't have to trade queens and felt the initiative was
falling into my hands. Stockfish thinks this is dead equal.} Qc4 19. Rd3 {
Moving the knight away allows the destabilizing ...Rxc2.} b6 {At this point
each player had used about 45 of the available 90 minutes ( with 10 second
increment ) . However, my opponent used 32 minutes on his next move, a
decision that was to cost him dearly later on.} ({The engine favors} 19... Qa2
{but I never even considered this piece of pawn-grubbing. I should have,
though; I knew the c2 pawn was more important than it looks.}) 20. Bf2 $2 {
Despite the long think, this is a losing move. With 32 minutes to think myself,
I had not even conceived of it, however, and in my startlement made a poor
reply.} ({Last call for} 20. Rg1 {says the engine}) 20... Qe4 $2 {The right
idea, but what could easily have been a fatally wrong order of moves.} ({
I did consider the winning} 20... Ba6 {but could not calculate either line in
enough detail to decide between them.}) 21. Re3 Qxc2 22. Rxc3 {[%emt 1:26:03]
White has the serious threat of playing Rc7 and, when the knight moves, Qc6+
winning the rook in the corner. I calculated that I could avoid this by
protecting the c6 square, but this defense fails.} Qb1+ 23. Rc1 Qb5 24. Qb4 $2
{White, who has just 7 minutes on his clock, has had enough of these threats
and counter-threats. But it will turn out that getting rid of the queens does
not solve his problems.} ({White should be bold:} 24. Rc7 Ng6 25. Nc3 {with
too many threats.}) 24... Qxb4+ {I liked the structure after the direct
capture a little better than after ...Ba6.} 25. axb4 Ba6 {[%emt 0:36:03]
Taking stock: Black is up a pawn, but her pawn structure leaves something to
be desired. Her bishop and the g2 rook have some definite prospects. White has
the usual passed h-pawn seen in almost all lines of this opening, but Black's
passed d-pawn, it turns out, cannot be disregarded either. I felt happy with
my position but not convinced I had an exploitable advantage--other than my
opponent's clock.} 26. Kf1 $6 {With only 4 minutes left White makes a move
that seems to add to his problems rather than resolving them.} Rg4 {Very
natural looking, but I soon regretted not putting it on g6 where it could
swing to the queenside.} 27. Bg3 {The bishop is little more than a pawn here,
though this move is consistent with his apparent desire to be rid of the
intrusive rook for good.} d4 {I felt I could exploit the awkward positions of
White's pieces with this move, though the engine does not agree.} 28. Kf2 Rd8 {
I was quite pleased with my d-pawn, and the ominous white h-pawn was going
strictly nowhere.} 29. Rhd1 d3 30. Ng1 $6 {[%emt 0:05:06] It was at this point
that I began to believe I was winning. Black's pieces and d-pawn are gaining
more and more energy, whereas White's appear confused.} (30. Nc3 {is much
better; the engine insists that the only way to advantage is} Bc4 {which I am
not at all sure I would have found}) 30... Nd5 31. h3 {I though this move was
a blunder, though Stockfish disagrees. I will argue with the engine here:
destabilizing the bishop and the knight behind it must be wrong!} Rg6 {I had
10 minutes left myself, and my heart was pounding.} 32. Ra1 $2 {[%emt 0:00:27]
The engine pegs this as the actually losing move; White just can't afford to
give up the c-file.} Nc3 {Disaster: not only is the rook threatened, but ...
Ne4+ will win the miserable bishop. White's position simply collapses.} 33.
Rxa6 {[%emt 0:00:50]} Nxd1+ 34. Kf3 {[%emt 0:02:09]} Nc3 {The d-pawn has not
yet spoken and will claim still more material.} 35. Be1 {White had 25 seconds
on his clock, and may have continued play simply because you don't resign in
blitz.} d2 {I had eight minutes myself and was just hoping to avoid a mistake!}
36. Bxd2 Rxd2 {To add insult to injury, I don't think White's knight can be
saved.} 37. Ke3 Rd1 {[%emt 0:14:00]} 38. Nf3 Rg3 39. Kf2 {[%emt 0:01:06]} Ne4+
40. Ke2 Rb1 41. Rxa7 {[%emt 0:00:11]} Rb2+ 42. Ke3 {[%emt 0:00:03]} Rb3+ 43.
Kd4 {[%emt 0:00:01]} Rgxf3 44. Ra8+ Ke7 45. Kd5 {Evidently the goal is to
cheapo me off with a back-rank mate or perhaps an advance of the e-pawn. My
opponent is evidently a good blitz player and had actually earned back half a
minute by this point, whereas I was down to about 6. However, unusually for me
I had managed to make a successful transition to blitz-like thinking myself,
avoiding my usual time-trouble panic.} Rxb4 46. Ra7+ Kf8 47. e6 Rd3+ 48. Ke5 ({
The mate is delayed only slightly by} 48. Kc6 Rc3+ 49. Kb7 Nd6+ 50. Kb8 Rc8#)
48... Rb5# {[%emt 0:04:17]} 0-1

[Event "Washington vs Oregon Match"]
[Site "Chess.com"]
[Date "2020.08.08"]
[Round "2"]
[White "Goktepe (WA), Derin"]
[Black "Feldman (OR), Konner"]
[Result "0-1"]
[WhiteElo "1930"]
[BlackElo "2054"]
[Annotator "Konner Feldman"]
[PlyCount "90"]
[EventDate "2020.??.??"]
[SourceVersionDate "2020.06.27"]
[WhiteTeam "WA"]
[BlackTeam "OR"]

{This game from the WA vs OR match was a KID where White locked the center and
gave up the KID bishop's counterpart. The deciding factor was Black's total
control over pawn breaks, when I was able to improve even my king before
opening up the board. The bind was especially mentally taxing to White, who
seemed like he could not sit still and do nothing (which was the appropriate
course of action).} 1. d4 Nf6 2. c4 g6 3. Nc3 Bg7 4. e4 d6 5. Be2 {Sigh. I
know this could still be main line, but the only reason people play these move
orders is to play some weird sideline.} O-O 6. Be3 e5 7. d5 a5 8. g4 Na6 9. h4
Nc5 10. f3 h5 11. g5 Ne8 12. Nh3 Qe7 13. Qd2 Bd7 14. b3 $2 {An error.
Advancing on the queenside only gives Black targets.} Na6 {Threatening Pa5 to
disrupt White's pawn structure and create play.} 15. a3 Nc5 16. Bxc5 $4 {
Never give away the KID bishop's counterpart.} dxc5 17. a4 {And here I
realized the battle revolved around whether Black could activate his Bg7 or
White his Be2. This means that White's only break, Pf4, is positional suicide.
Thus, Black has all the time in the world to prepare his own break: Pf6. But
first, some obvious moves:} Nd6 18. O-O-O (18. Nb5 Nxb5 19. cxb5 (19. axb5 b6)
19... c4) 18... Kh7 {To support an eventual Bh6 if I ever needed it.} 19. Rdg1
{Here White begins flailing around with phantom threats(Pf4). White must
accept that he can only draw if Black does not blunder horrendously. He should
enable Be2-f1-h3 and trade it off, then create a defensive setup and shuffle
his king.} b6 20. Bd1 {I want to prepare Pf6. But I don't want to endanger my
king in any way. The solution: get my king to b7. After all, it is already
established that opening up the center with Pf4 is losing positionally.} Rh8 $3
21. Qg2 Kg8 22. Kb1 Kf8 23. Rf1 Ke8 24. Rf2 Kd8 25. Rhf1 Kc8 26. Ng1 Kb7 27.
Nge2 Rae8 28. Ng3 f6 29. Nge2 fxg5 30. hxg5 (30. Qxg5 Bf6 31. Qxg6 Reg8) 30...
Rhf8 ({I knew that this pawn structure was extremely favorable for Black and I
still could take as much time as I needed. The computer does reccomend:} 30...
h4 {But this move was commital, and so I had decided to explore every other
opportunity first as I could always remanuver my pieces if all else failed.
This is one of the advantages of having such a dominating position, and it was
every bit a mental advantage as it was an on the board one.}) 31. Rh1 Rf7 32.
Rh4 Ref8 (32... Bh6 {A missed opportunity, but there are many ways to win from
here on.}) 33. Qg3 Bg4 34. Ng1 Qxg5 35. Rhh2 Qe3 (35... Nf5 36. Qg2 Nd4) 36.
Kc2 Bh6 37. Qg2 Qd4 (37... Qc1+ 38. Kd3 Nxe4) 38. Nh3 Be3 39. Rf1 Rf6 40. Ng1
Bxg1 41. Qxg1 Bxf3 42. Bxf3 Rxf3 43. Qxd4 cxd4 44. Rxf3 Rxf3 45. Nd1 Nxe4 0-1

[Event "104th US Open"]
[Site "Los Angeles, CA"]
[Date "2003.08.12"]
[Round "9"]
[White "Tate, Emory"]
[Black "Lin, Benjamin"]
[Result "0-1"]
[WhiteElo "2433"]
[BlackElo "2097"]
[Annotator "Benjamin Lin"]
[PlyCount "84"]
[EventDate "2003.??.??"]
[SourceVersionDate "2020.06.27"]

1. e4 Nf6 {After discovering the pairings about an hour before this game began,
I asked Oleg Zaikov if he had access to a chess database. We eventually
borrowed a laptop from his friend Hana Itkis. It quickly became apparent that
the late Emory Tate played aggressively. With no more time left to prepare,
Alekhine's defense seemed like the most reasonable choice for embracing the
madness that was sure to ensue. Incidentally, Oleg's South Eugene teammate
Morgan Griffiths drew Emory the round before. Morgan had been crowned 2003
National High School Champion a few months earlier.} 2. Nc3 d5 3. e5 Ne4 4. d4
{The mainline is 4. Nce2 because white hopes to take advantage of the
misplaced knight on e4.} Nxc3 5. bxc3 c5 6. Be3 Nc6 {6... e6!? voluntarily
hems in the bad French bishop, but black gets a MacCutcheon formation without
having given up the valuable dark-squared bishop.} 7. Qd2 Bf5 $5 {Trying to
play a French structure without a bad bishop might be asking too much of this
position because the queenside immediately becomes a target.} 8. Rb1 Qc7 $2 {
The critical continuation is 8... c4! 9. Rxb7 e6 10. Be2 Qc8 11. Rb2 Ba3 with
lots of activity for a measly doubled pawn.} 9. Nf3 e6 10. dxc5 O-O-O $4 {
10... Be7 would be the sane way to play.} 11. Be2 Bg4 12. Nd4 Bxe2 {Trading
off the bad French bishop, but clearly things have gone terribly wrong for
black.} 13. Qxe2 Nxd4 $4 {13... Bxc5! 14. Nb5 Qe7 15. O-O Kb8 16. Bxc5 Qxc5 17.
Nd6 Rd7 18. Qa6 Nd8 proved to be too difficult to calculate over the board.}
14. cxd4 f6 15. f4 g5 {Without a concrete plan, Black is simply lashing out.}
16. O-O gxf4 17. Bxf4 f5 18. Rf3 $1 {A beautiful rook lift to join the
queenside attack.} Rd7 19. Ra3 a6 $4 20. Rxa6 {!!! Triple Exclam!!! is the
title of Emory's biography written by Daaim Shabazz. I should have anticipated
this powerful sacrifice, especially after my pre-game preparation. Emory was
known for his uncompromising style of play.} bxa6 21. Qxa6+ Kd8 22. c6 $4 {
22. Qxe6! was crushing and black is totally helpless. Instead, the text allows
black to survive.} Qa7 $1 23. Bg5+ Be7 {Almost everything is hanging and
strangely nothing can be taken.} 24. c7+ Rxc7 25. Qd6+ Ke8 26. Bxe7 $4 {
26.Qxe6 was white's last chance to save the game.} Kf7 {Black has finally
consolidated with a winning advantage.} 27. Bd8 Rd7 28. Bb6 Rxd6 29. Bxa7 Ra6
30. Rb7+ Kg6 31. Bc5 Rxa2 32. Re7 Rxc2 33. Rxe6+ Kg5 34. Ra6 Rb8 35. h4+ Kg4
36. Ra3 Rbb2 37. e6 Rxg2+ 38. Kf1 Rbf2+ 39. Ke1 Re2+ 40. Kf1 Ref2+ 41. Ke1 Rb2
42. Kf1 Rgf2+ {White resigned because after 43.Kg1 Rfe2 threatens both mate
and the passed pawn on e6.} 0-1

[Event "2001 Continental Open (U2000)"]
[Site "Las Vegas, Nevada"]
[Date "2001.07.29"]
[Round "6"]
[White "Angel, Antonio"]
[Black "Lin, Benjamin"]
[Result "0-1"]
[WhiteElo "1900"]
[BlackElo "2027"]
[Annotator "Benjamin Lin"]
[PlyCount "80"]
[EventDate "2001.07.29"]
[EventType "swiss"]
[EventRounds "6"]
[SourceVersionDate "2020.06.27"]

1. Nf3 g6 {Although this game was played in 2001, the story begins a year
earlier. Shortly after winning the National Junior High Team Championship,
scholastic super stars Oleg Zaikov and Ryan Thurlow both defeated me for 400+
point upsets. Ryan did it twice in the same month!! Those three games cost me
almost 100 ratings points. Soon afterwards, I was no longer an expert. This
was the perfect time to enter one of those CCA tournaments run by Bill
Goichberg. My friends Stacey Mitchell, Steve Schwartz, and Nick Raptis also
played in this tournament. After a disappointing loss in round two, my chances
for winning a big prize seemed dismal. Thoughts filled with self-doubt
lingered. Was I just another patzer or could I play like an expert once again?
Playing numerous blitz games with Stacey between rounds was fun and uplifting.
After achieving four wins in five rounds, a four-figure payday was back on the
agenda. All I had to do was win this game!} 2. e4 Bg7 3. d4 c6 $5 {Aiming for
the Gurgenidze variation, which I had never played before as black. However, I
had lots of experience from the white side since this was my brother's pet
line. I also remembered that IM Georgi Orlov had published a game in NWC
featuring this system.} 4. Bc4 $2 {This loses a tempo. The mainline is 4. Nc3
d5 5. h3} d5 5. exd5 cxd5 6. Bb5+ Bd7 7. Bxd7+ Nxd7 {The white bishop has
helped black to develop!} 8. Be3 {More strange bishop moves from white.} Ngf6
9. Qc1 Rc8 10. c3 Qb6 11. b3 $2 {Castling was definitely indicated.} Ng4 12.
Bd2 Qe6+ 13. Kf1 Qa6+ 14. Ke1 O-O 15. h3 Ngf6 16. Bh6 Rfe8 17. Bxg7 Kxg7 {
White has successfully traded another pair of bishops and is now lost due to
lack of development.} 18. Ne5 Nxe5 19. dxe5 Ne4 20. Qe3 Qa5 21. b4 Qc7 22. f4
Nxc3 23. Nd2 a5 {23... d4 ! 24. Qxd4 Red8 with tremendous activity and
pressure.} 24. a3 axb4 25. axb4 Nb5 26. Kf2 Qc3 $2 {I missed 26... d4 27. Qe2
Qb6 28. Nc4 Qe6 29. Nd2 Rc2!} 27. Qe2 $4 {Trading queens would have offered
significantly more resistance. Around here, Nick wandered over from the Open
section to observe my big money game. I resolved to play actively like Nick
would.} Nd4 28. Qd1 Nc2 29. Rb1 Qe3+ 30. Kf1 Qxf4+ 31. Kg1 Qd4+ 32. Kh2 Qxe5+
33. g3 Rc3 34. Nf3 Qe3 35. Rf1 d4 36. Rb2 d3 37. Nd2 Qe2+ 38. Qxe2 dxe2 39. Rc1
e1=Q 40. Rcxc2 Qxg3+ 0-1

[Event "Seattle Seafair Open"]
[Site "Chess.com"]
[Date "2020.07.18"]
[Round "1"]
[White "Shapiro, Michael"]
[Black "Lenderman, Aleksandr"]
[Result "1-0"]
[WhiteElo "1360"]
[BlackElo "2717"]
[Annotator "Aleksandr Lenderman"]
[PlyCount "101"]
[EventDate "2020.??.??"]
[SourceVersionDate "2020.06.27"]
[TimeControl "5400+10"]

{In the first round I was playing a player around 1600 so I expected a
relatively easy game, but I got anything but.} 1. c4 b6 (1... e6) 2. Nf3 Bb7 3.
Nc3 e6 4. a3 {A slightly unusual move, but I couldn't really find a way to
punish this.} (4. g3) (4. d4) 4... Nf6 {I thought this is normal.} (4... d5 5.
cxd5 exd5 6. d4) 5. g3 (5. d4 {This could've transposed into the Nimzo indian.}
) 5... c5 6. Bg2 Nc6 {Somehow the engine really dislikes this.} (6... d5 7.
cxd5 Nxd5 8. Nxd5 (8. O-O Nc6 9. Qa4 Qd7 10. Nxd5 exd5 11. d4) 8... Qxd5 9. O-O
{I considered this but I thought that he plays d4 too easily and the game can
fizzle.}) 7. O-O (7. e4) 7... Be7 8. b3 (8. d4 Nxd4 9. Nxd4 Bxg2 10. Kxg2 cxd4
11. Qxd4 O-O {I was willing to play this position, but I wasn't really that
happy with this.}) (8. e4 {I wasn't really worried about this, but apparently
I might be slightly worse here, although at least here I keep all my pieces on
the board.} e5) 8... O-O 9. d4 Nxd4 (9... d5) 10. Nxd4 Bxg2 11. Kxg2 cxd4 12.
Qxd4 Qc7 (12... d5 13. cxd5 Nxd5 14. Nxd5 exd5 15. Bb2 Bf6 16. Qd2 {This
position is equal but with almost no winning chances for white.}) 13. Kg1 (13.
e4) 13... Rfd8 14. Bb2 Qc6 15. Qd3 d5 {I think this move is objectively best
and I thought I'll have some winning chances in the endgame due to my
positions being slightly more active. However, maybe it was a practical
mistake.} (15... d6 16. Rfd1 Nd7) 16. cxd5 Nxd5 17. Nxd5 (17. Qf3) 17... Rxd5
18. Qc3 Qxc3 19. Bxc3 h5 (19... Rc8 20. Bb4 {Here I was worried about this and
I thought that this rook endgame might not yield enough winning chances.}) (
19... a5 20. a4 {I also considered a5 but I thought that this structure would
potentially be problematic for me.}) 20. b4 Rc8 21. Rac1 a5 22. e3 $3 {I
didn't see this move coming but it is a really strong move, preparing Bd4 and
mantaining very strong drawing chances.} Rd3 23. Bd4 Rb8 (23... Rxc1 24. Rxc1
axb4 (24... Rxa3 25. Rc8+ Kh7 26. bxa5 bxa5 27. Rc7 {Here I thought I had no
winning chances.}) 25. axb4 b5 26. Rc8+) 24. Rc7 Bf8 (24... Bd8 25. Rc3) 25.
Rc3 $6 {I was happy to see this move and I thought I'll have real winning
chances, but somehow he defended really well even after this.} (25. Ra1 $11)
25... Rxc3 26. Bxc3 Rc8 27. Bd4 axb4 28. axb4 b5 29. Ra1 Bxb4 30. Rb1 Rc4 31.
Kg2 f6 32. f4 $1 {Another strong prophylactic move.} Kf7 (32... f5 33. Be5) 33.
Kf3 Ke7 $4 {What can I say? Loss of concentration, it happens to all of us :(
Truth be told though, even if I don't blunder, this is objectively not easy to
win. I am not sure what exactly went wrong for me this game. I thought I
played a reasonably good game up to this point, but somehow perhaps, my
opponent played the game of his life :)} (33... Ke8 34. Ke2 Kd7 35. Kd3 Kc6 36.
Ra1 {Because of my poor coordination of my pieces, he gets too much
counterplay, which is enough for equality.}) 34. Rxb4 {Of course!
Unfortunately it's such a blunder, from which there is simply no recovery.}
Rxb4 35. Bc5+ Kd7 36. Bxb4 Kc6 37. Ke4 Kd7 38. h4 g6 39. Kf3 Kc6 40. Ke4 Kd7
41. Kd4 Kc6 42. e4 Kb6 43. f5 gxf5 44. exf5 exf5 45. Kd5 Kc7 46. Ke6 Kc6 47.
Kxf5 Kd5 48. Kxf6 Ke4 49. Kg5 Kf3 50. Kxh5 Kxg3 51. Kg5 {funmath won by
resignation} 1-0